00530nam a2200157Ia 4500008004100000020001500041041000800056082001700064100002400081245005300105250000600158260004700164300001600211999001900227952012600246210716s2005 xx 000 0 und d a817764789X aeng a658.321 KOLM aKolay, Mohit Kumar. aAccounting applied to human resource management. a1 aNew DelhibAllied Publishers Pvt Ltdc2005 axxxviii,260 c201925d201925 001040708MBAaAIMITbAIMITd2007-08-21g180.00l0o658.321 KOLMpMBA04491r2026-05-23 00:00:00v144.00w2021-07-16yBK